000 00792nam a2200241Ia 4500
003 OSt
005 20220923221548.0
006 a|||||r|||| 00| 0
007 ta
008 220922b |||||||| |||| 00| 0 hin d
024 _a198,250
037 _cTextual
040 _aARTS
_cARTS
_bhin
041 _2hin
_ahin
082 _aP152:g, J4;M2
100 _aनामवर सिंह
245 0 _aहिन्दी के विकास में अपभ्रंश का योग
246 _aHindī ke vikās mean apabhransha kā yoga
260 _aइलाहाबाद
_b लोकभारती प्रका0
_c1982
300 _a326पृ.
_ccm.
942 _hP152:g, J4;M2
_cTEXL
_2CC
999 _c350096
_d350096